ARRUPE JESUIT UNIVERSITY

CORONAVIRUS -STOP THE SPREAD - CLEAN,DISINFECT,COVER

The Limits of utilitarianism / (Record no. 25154)

MARC details
000 -LEADER
fixed length control field 00952pam a2200277 a 4500
001 - CONTROL NUMBER
control field 426226
003 - CONTROL NUMBER IDENTIFIER
control field ARRUPE
005 - DATE AND TIME OF LATEST TRANSACTION
control field 20170802152545.0
008 - FIXED-LENGTH DATA ELEMENTS--GENERAL INFORMATION
fixed length control field 810828s1982 mnu b s001 0 eng
010 ## - LIBRARY OF CONGRESS CONTROL NUMBER
LC control number 81014698
020 ## - INTERNATIONAL STANDARD BOOK NUMBER
International Standard Book Number 0816610444 :
Terms of availability $25.00
020 ## - INTERNATIONAL STANDARD BOOK NUMBER
International Standard Book Number 0816610479 (pbk.) :
Terms of availability $10.95
040 ## - CATALOGING SOURCE
Original cataloging agency DLC
Transcribing agency DLC
Modifying agency DLC
050 00 - LIBRARY OF CONGRESS CALL NUMBER
Classification number B843
Item number .L55 1982
082 00 - DEWEY DECIMAL CLASSIFICATION NUMBER
Classification number 144/.6
Edition number 19
300 ## - PHYSICAL DESCRIPTION
Dimensions 24 cm.
245 04 - TITLE STATEMENT
Title The Limits of utilitarianism /
Statement of responsibility, etc edited by Harlan B. Miller and William H. Williams.
260 ## - PUBLICATION, DISTRIBUTION, ETC. (IMPRINT)
Place of publication, distribution, etc Minneapolis :
Name of publisher, distributor, etc University of Minnesota Press,
Date of publication, distribution, etc c1982.
300 ## - PHYSICAL DESCRIPTION
Extent x, 315 p. ;
500 ## - GENERAL NOTE
General note Includes index.
504 ## - BIBLIOGRAPHY, ETC. NOTE
Bibliography, etc Bibliography: p. 255-299.
650 #0 - SUBJECT ADDED ENTRY--TOPICAL TERM
Topical term or geographic name as entry element Utilitarianism.
9 (RLIN) 1723
700 1# - ADDED ENTRY--PERSONAL NAME
Personal name Miller, Harlan B.
9 (RLIN) 34514
700 1# - ADDED ENTRY--PERSONAL NAME
Personal name Williams, William H.
Fuller form of name (William Hatton),
Dates associated with a name 1934-
9 (RLIN) 34515
906 ## - LOCAL DATA ELEMENT F, LDF (RLIN)
a 7
b cbc
c orignew
d 1
e ocip
f 19
g y-gencatlg
942 ## - ADDED ENTRY ELEMENTS (KOHA)
Source of classification or shelving scheme Library of Congress Classification
Koha item type Monograph ( Printed materials)
Holdings
Withdrawn status Lost status Source of classification or shelving scheme Damaged status Not for loan Collection code Home library Current library Shelving location Date acquired Total Checkouts Full call number Barcode Date last seen Date checked out Copy number Price effective from Koha item type
    Library of Congress Classification     Main Collection ARRUPE LIBRARY ARRUPE LIBRARY   04/03/2013 3 B843.L55 1982 46003008025 28/02/2017 17/02/2017 1 04/03/2013 Monograph ( Printed materials)

 

Arrupe Library. PO Box MP320 Mt Pleasant, Harare, Zimbabwe
263 242 745411|librarian@aju.ac.zw